日本の政令指定都市の区 - Statistics

General Stats
  • This quiz has been taken 10,267 times
    9,586 since last reset
  • The average score is 107 of 171
Answers on the Map
Answers color-coded by a green-red scale on the quiz's map according to % correct below.
 
Answer Stats
% Correct
京都きょうと | 名古屋なごや | さかい | +7 others きた
98%
名古屋なごや | さかい | 大阪おおさか | +8 others 西にし
98%
名古屋なごや | さかい | 岡山おかやま | +5 others ひがし
97%
京都きょうと | 名古屋なごや | さかい | +9 others みなみ
97%
千葉ちば | 大阪おおさか | 新潟にいがた | +7 others 中央ちゅうおう
95%
名古屋なごや | さかい | 岡山おかやま | +2 others なか
93%
千葉ちば | 名古屋なごや | 横浜よこはま | +2 others みどり
78%
仙台せんだい | 横浜よこはま 青葉あおば
76%
名古屋なごや | 大阪おおさか みなと
73%
さいたま 浦和うらわ
69%
京都きょうと 左京さきょう
69%
京都きょうと 右京うきょう
69%
さいたま 大宮おおみや
68%
静岡しずおか 清水しみず
68%
川崎かわさき 川崎かわさき
67%
静岡しずおか あおい
64%
浜松はままつ 天竜てんりゅう
64%
大阪おおさか | 横浜よこはま 鶴見つるみ
62%
北九州きたきゅうしゅう 門司もじ
62%
福岡ふくおか 博多はかた
61%
北九州きたきゅうしゅう 小倉北こくらきた
60%
北九州きたきゅうしゅう 小倉南こくらみなみ
60%
京都きょうと 下京しもぎょう
56%
横浜よこはま 港南こうなん
54%
新潟にいがた 江南こうなん
54%
横浜よこはま 港北こうほく
53%
大阪おおさか 淀川よどがわ
53%
さかい さかい
53%
神戸こうべ なだ
53%
広島ひろしま 安佐南あさみなみ
53%
広島ひろしま 安佐北あさきた
53%
横浜よこはま 神奈川かながわ
52%
京都きょうと 上京かみぎょう
52%
京都きょうと 中京なかぎょう
52%
広島ひろしま 安芸あき
52%
さいたま 岩槻いわつき
51%
京都きょうと 山科やましな
51%
大阪おおさか 天王寺てんのうじ
51%
大阪おおさか 西成にしなり
51%
仙台せんだい | 横浜よこはま いずみ
50%
横浜よこはま 金沢かなざわ
50%
京都きょうと 伏見ふしみ
50%
大阪おおさか 東淀川ひがしよどがわ
49%
静岡しずおか 駿河するが
47%
大阪おおさか 此花このはな
47%
横浜よこはま 戸塚とつか
46%
名古屋なごや 中村なかむら
46%
大阪おおさか 浪速なにわ
45%
さいたま さくら
44%
大阪おおさか 西淀川にしよどがわ
44%
神戸こうべ 東灘ひがしなだ
44%
神戸こうべ 須磨すま
44%
北九州きたきゅうしゅう 八幡西やはたにし
44%
仙台せんだい 宮城野みやぎの
43%
千葉ちば 美浜みはま
43%
横浜よこはま 保土ケ谷ほどがや
43%
浜松はままつ 浜名はまな
43%
北九州きたきゅうしゅう 八幡東やはたひがし
43%
大阪おおさか | 横浜よこはま あさひ
42%
神戸こうべ 兵庫ひょうご
42%
札幌さっぽろ 手稲ていね
41%
京都きょうと 東山ひがしやま
41%
大阪おおさか 東成ひがしなり
41%
北九州きたきゅうしゅう 若松わかまつ
41%
千葉ちば 若葉わかば
40%
川崎かわさき 中原なかはら
40%
大阪おおさか 阿倍野あべの
40%
神戸こうべ 長田ながた
40%
横浜よこはま さかえ
39%
川崎かわさき さいわい
39%
川崎かわさき 多摩たま
39%
大阪おおさか 大正たいしょう
39%
大阪おおさか 住吉すみよし
38%
神戸こうべ 垂水たるみ
38%
千葉ちば 花見川はなみがわ
37%
千葉ちば 稲毛いなげ
37%
名古屋なごや 熱田あつた
37%
北九州きたきゅうしゅう 戸畑とばた
37%
札幌さっぽろ 白石しろいし
36%
仙台せんだい 太白たいはく
36%
大阪おおさか 福島ふくしま
36%
大阪おおさか 住之江すみのえ
36%
横浜よこはま 磯子いそご
34%
横浜よこはま 瀬谷せや
34%
福岡ふくおか 早良さわら
34%
札幌さっぽろ 厚別あつべつ
32%
札幌さっぽろ 清田きよた
32%
横浜よこはま 都筑つづき
32%
川崎かわさき 高津たかつ
32%
川崎かわさき 麻生あさお
32%
新潟にいがた 西蒲にしかん
32%
名古屋なごや 守山もりやま
32%
名古屋なごや 天白てんぱく
32%
京都きょうと 西京にしきょう
32%
さいたま 見沼みぬま
31%
川崎かわさき 宮前みやまえ
31%
仙台せんだい 若林わかばやし
30%
新潟にいがた 秋葉あきは
30%
名古屋なごや 千種ちくさ
30%
大阪おおさか 城東じょうとう
30%
大阪おおさか 平野ひらの
30%
さかい 美原みはら
30%
大阪おおさか 東住吉ひがしすみよし
29%
札幌さっぽろ 豊平とよひら
28%
名古屋なごや 中川なかがわ
28%
広島ひろしま 佐伯さえき
28%
福岡ふくおか 城南じょうなん
26%
名古屋なごや 昭和しょうわ
25%
名古屋なごや 名東めいとう
25%
大阪おおさか 都島みやこじま
25%
大阪おおさか 生野いくの
25%
名古屋なごや 瑞穂みずほ
24%
No matching quizzes found
Score Distribution
Percent of People with Each Score
Percentile by Number Answered
Your Score History
You have not taken this quiz since the last reset